Drapeaux avec la couleur Rouge - Mort subite - Statistiques

Statistiques générales
  • Ce quiz a été pris 184 fois
    161 depuis la dernière actualisation
  • Le résultat moyen est 11 sur 24
Answers on the Grid
Answers color-coded by a green-red scale on the quiz's grid according to % correct below.
Algérie
Arménie
Bangladesh
Brunei
Cap-Vert
Chine
Emirats Arabes Unis
France
Jordanie
Guyane
Irak
Kiribati
Népal
Namibie
Portugal
Roumanie
Samoa
Singapour
Espagne
Soudan
Suisse
Tonga
Zambie
Ouzbékistan
Arabie Saoudite
Argentine
Bahamas
Barbade
Bhoutan
Botswana
Brésil
Chypre
Côte d'Ivoire
Gabon
Jamaïque
Îles Salomon
Honduras
Irlande
Israël
Nigeria
Nauru
Pakistan
Rwanda
Sainte-Lucie
Sierra Leone
Somalie
Suède
Ukraine
 
Statistiques - réponses
Réponse % Correct
Suisse
76%
Espagne
69%
France
69%
Portugal
69%
Chine
65%
Singapour
61%
Algérie
59%
Roumanie
57%
Népal
54%
Arménie
50%
Bangladesh
48%
Irak
44%
Tonga
44%
Emirats Arabes Unis
43%
Jordanie
43%
Soudan
37%
Brunei
35%
Samoa
30%
Zambie
30%
Cap-Vert
28%
Kiribati
28%
Namibie
28%
Guyane
19%
Ouzbékistan
9%
Aucun quiz correspondant
Distribution des résultats
% des personnes avec chaque résultat
Percentile par nombre de réponses
Votre historique - résultats
Vous n’avez pas pris ce quiz depuis la dernière actualisation